Sú úrovňové prebierky smrekových a jedľových porastov v imisných oblastiach opodstatnené?

Bibliographic Details
Main Author: Saniga, Milan, 1951- (Author)
Format: Article
Language:Slovak
Subjects:

MARC

LEADER 00000nab a2200000 a 4500
001 vtls000416105
003 SK-MaSNL
005 20260304172300.0
008 250526c1991 xo 0 slo
015 |a SNBRB19rr/mm-uuuuu 
035 |a CL0416230 
035 |a urn:nbn:sk:snk-ab2cdl 
035 |a (urnnbn)urn:nbn:sk:snk:ar-a024ra 
035 |a (uuid)69d62e35-b9ab-41ae-9e0a-7972fe71c4a8 
040 |a SNKBUCL  |b slo  |c SNKBUCL  |e AACR2 
041 0 |a slo 
044 |a xo  |c SK 
080 |a 630 242  |2 1981 
080 |a 630 4  |2 1981 
100 1 |a Saniga, Milan,  |d 1951-  |4 aut  |9 198189 
245 1 0 |a Sú úrovňové prebierky smrekových a jedľových porastov v imisných oblastiach opodstatnené?  |c Milan Saniga 
650 0 7 |a lesy  |2 snkbucl  |9 1437 
655 7 |a články z novín a časopisov  |2 snkbucl  |9 267496 
773 0 |t Les  |g Roč. 47, č. 5 (1991), s. 12 
850 |a Slovenská národná knižnica 
852 |a Slovenská národná knižnica 
954 |a odborná, vedecká literatúra pôvodná (slovenská)  |2 lita 
958 |a ONDV 
958 |a article2022 
958 |a RK 
992 |a RBX 
999 |c 2997608  |d 2999538